Changes of the catecholamine leves in folicular fluid after superovulatory treatments of sheep

Bibliographic Details
Main Authors: Pástorová, B. (Author), Molnárová, M. (Author), Staníková, A. (Author)
Format: Article
Language:English
ISSN:0862-8408
Subjects:

MARC

LEADER 00000nab a2200000 a 4500
001 vtls000721982
003 SK-MaSNL
005 20260318133255.0
008 141122c1999 xo 0 eng
015 |a SNBRB2000/05-12728 
035 |a CLN000074149 
040 |a SNKBUCL  |b slo  |c SNKBUCL  |e AACR2 
041 0 |a eng 
044 |a xo  |c SK 
080 |a 612.663:577.17  |2 1997 
080 |a 616.154:611.651  |2 1997 
100 1 |a Pástorová, B.  |4 aut  |9 772309 
245 1 0 |a Changes of the catecholamine leves in folicular fluid after superovulatory treatments of sheep  |c B. Pástorová, M. Molnárová, A. Staníková 
504 |a Bibliogr. odkazy 
650 0 7 |a katecholamíny  |2 snkbucl  |9 18432 
650 0 7 |a tekutina folikulárna  |2 snkbucl  |9 1208993 
650 0 7 |a superovulácia  |2 snkbucl  |9 1012028 
655 7 |a články z novín a časopisov  |2 snkbucl  |9 267496 
700 1 |a Molnárová, M.  |4 aut  |9 307901 
700 1 |a Staníková, A.  |4 aut  |9 656405 
773 0 |t Physiological research  |g Roč. 48, č. 3 (1999), s. 17P  |x 0862-8408 
850 |a Slovenská národná knižnica v Martine 
852 |a SNK  |b KIS3GCP 
958 |a NB 
958 |a MI 
999 |c 2114400  |d 2116330